Vízgépek, belsö égésü motorok.

Uložené v:
Podrobná bibliografia
Hlavný autor: VARGA, J. (Author)
Médium: Kniha
Jazyk:Hungarian
Vydané: 1962
Tagy: Pridať tag
Žiadne tagy, Buďte prvý kto otaguje tento záznam!

MARC

LEADER 00000nam a2200000 a 4500
001 000171803
005 00000000000000.0
008 040101s1962 e huno
041 0 |a hun 
100 1 |a VARGA, J.  |4 aut 
245 1 0 |a Vízgépek, belsö égésü motorok. 
260 |c 1962 
500 |a Záznam neprešiel kontrolou 
910 |a svkkk 
998 |a BK 
090 |g SCKHL  |k Sklad Pribinova 2. posch.  |a II0.5814  |i 171803-10  |s Absenčne